| 000 | 00573cam a2200217ua 4500 | ||
|---|---|---|---|
| 001 | 10037 | ||
| 005 | 20260515114545.0 | ||
| 008 | 170322n ii |||gr||||Z||||||asm | ||
| 040 | _cMAIN | ||
| 041 | _aasm | ||
| 082 | _a500 | ||
| 100 |
_aSrinibasan, K.R., _eEditor., |
||
| 245 |
_aBigyani huar sopokshe ekshota jukti _cEd. by K.R. Srinibasan |
||
| 250 | _a1st ed. | ||
| 260 |
_aGuwahati: _bStudents stores, _c2009. |
||
| 300 | _a312p. | ||
| 653 | _aNatural sciences & mathematics | ||
| 653 | _aPopular science | ||
| 700 |
_aChutia, Jayanti, _eTranslator. |
||
| 942 | _cBK | ||
| 999 |
_c9028 _d9028 |
||